Southville International School and Colleges
Your cart is empty.
  • Cart
  • Lists
    Public lists Eva Luna New books Lux_list list_1
    Your lists Log in to create your own lists
  • Log in to your account
  • Your cookies
  • Search history
Southville International School and Colleges
  • Advanced search
  • Recent comments
  • Most popular
  • Libraries

Log in to your account

Log in with GOOGLE


If you do not have an external account, but do have a local account, you can still log in:

  1. Home
  2. MARC view: Learn programming with c :
Normal view MARC view ISBD view

Learn programming with c : (Record no. 366493)

[ view plain ]
MARC details
000 -LEADER
fixed length control field 00715nam a22002177a 4500
003 - CONTROL NUMBER IDENTIFIER
control field 0
005 - DATE AND TIME OF LATEST TRANSACTION
control field 20241010102823.0
008 - FIXED-LENGTH DATA ELEMENTS--GENERAL INFORMATION
fixed length control field 241010b xxu||||| |||| 00| 0 eng d
020 ## - INTERNATIONAL STANDARD BOOK NUMBER
International Standard Book Number 9781032283555
050 ## - LIBRARY OF CONGRESS CALL NUMBER
Classification number QA 76.73
Item number .Im47 2024
100 ## - MAIN ENTRY--PERSONAL NAME
Personal name Imran, Sazzad M.S.,
Relator term author.
245 ## - TITLE STATEMENT
Title Learn programming with c :
Remainder of title an easy step-by-step self-practice book for learning c /
Statement of responsibility, etc Sazzad M.S. Imran, Atiqur Rahman Ahad.
250 ## - EDITION STATEMENT
Edition statement 1st ed.
260 ## - PUBLICATION, DISTRIBUTION, ETC. (IMPRINT)
Place of publication, distribution, etc Boca Raton, FL :
Name of publisher, distributor, etc CRC Press,
Date of publication, distribution, etc 2024.
300 ## - PHYSICAL DESCRIPTION
Extent xii, 567 p. :
Other physical details ill. ;
Dimensions 26 cm.
504 ## - BIBLIOGRAPHY, ETC. NOTE
Bibliography, etc Includes index.
650 ## - SUBJECT ADDED ENTRY--TOPICAL TERM
Topical term or geographic name as entry element C (Computer program language).
650 ## - SUBJECT ADDED ENTRY--TOPICAL TERM
Topical term or geographic name as entry element Computer programming.
700 ## - ADDED ENTRY--PERSONAL NAME
Personal name Ahad, Atiqur Rahman,
Relator term author.
942 ## - ADDED ENTRY ELEMENTS (KOHA)
Source of classification or shelving scheme Library of Congress Classification
Koha item type Books
Holdings
Withdrawn status Lost status Source of classification or shelving scheme Damaged status Home library Current library Shelving location Date acquired Source of acquisition Sub Shelving location Total Checkouts Full call number Barcode Date last seen Price effective from Koha item type
    Library of Congress Classification   College Library College Library Reserve Section 10/10/2024 Library Fund     QA 76.73 .Im47 2024 C23753 10/10/2024 10/10/2024 Books

Learn programming with c :

APA

Imran S. M., Ahad A. R., . (2024). Learn programming with c. Boca Raton, FL: CRC Press.

Chicago

Imran Sazzad M.S, Ahad Atiqur Rahman, . 2024. Learn programming with c. Boca Raton, FL: CRC Press.

Harvard

Imran S. M., Ahad A. R., . (2024). Learn programming with c. Boca Raton, FL: CRC Press.

MLA

Imran Sazzad M.S, Ahad Atiqur Rahman, . Learn programming with c. Boca Raton, FL: CRC Press. 2024.

  • Place hold
  • Print
  • Cite
  • Add to your cart (remove)
  • Save record
    BIBTEX Dublin Core MARCXML MARC (non-Unicode/MARC-8) MARC (Unicode/UTF-8) MARC (Unicode/UTF-8, Standard) MODS (XML) RIS
  • More searches
    Search for this title in:
    Other Libraries (WorldCat) Other Databases (Google Scholar) Online Stores (Bookfinder.com) Open Library (openlibrary.org)

Exporting to Dublin Core...

SOUTHVILLE LIBRARY

Southville International School and Colleges Library

1281 Tropical Ave. Cor. Luxembourg St., BF Homes International, Las Pinas City

Tel. No. 8256374 / 252358 Loc. 117/146

Powered by Koha